| 000 | 00370nam a2200157Ia 4500 | ||
|---|---|---|---|
| 008 | 230917s9999||||xx |||||||||||||| ||und|| | ||
| 020 | _cRS25 | ||
| 040 |
_e8844 _aMAIN |
||
| 041 | _aEnglish | ||
| 082 | _a327.51 K167C | ||
| 100 | _aKaushik, Devendra | ||
| 245 | 0 | _aChina and the third world | |
| 260 |
_aNew Delhi _bSterling _c1975 |
||
| 300 | _a95 p. | ||
| 942 | _cBK | ||
| 999 |
_c163827 _d163827 |
||